000 00755nam a22002657a 4500
001 BR8206653
003 BR-BrBNA
005 20230928091527.0
007 ta
008 230509b bl.||||| |||| 00| 0 por d
040 _aBR-BrBNA
_bpor
_cBiblioteca Nacional de Agricultura
041 _a(Por)
072 _aN10
090 _ N10 BR8206653
100 1 _aLima, D.C. de
100 1 _aRohm, S.A.
110 1 _aUniversidade Federal de Vicosa, MG (Brasil). Depto. de Engenharia Civil
_910982
245 1 _aUma introducao ao calculo dinamico de barragens de terra
_bno. 144
260 3 _aVicosa, MG (Brasil):
_c1982.
300 _a30 p.
500 _a10 graphs; 11 ref.
650 _aBARRAGEM
909 _a202309
_bLucia
_c55
_dLucia Elande
942 _cBK
999 _c34263
_d34263